1286 1653 1546 1880 1706 1169 1492 1304 1336 1563 1896 1730 1309 1738 1608 1956 1899 1729 1021 1790 1836 1793 1701 1495 1851 1583 1968 1232 1328 1832 1407 1830 1395 1751 1166 1144 1500 1330 1035 1238 1884 1632 1133 1127 1835 1397 1747 1548 1785 1559 1840 1954 1641 1540 1109 1563 1599 1844 1059 1193 1931 1136 1818 1819 1984 1553 1080 1163 1791 1399 1482 1894 1156 1814 1709 1110 1598 1315 1932 1016 1511 1739 1076 1314 1606 1768 1675 1168 1398 1046 1989 1745 1404 1000 1194 1251 1587 1298 1893 BCNSPRNW ULIB Ver.6.0+V

เปลี่ยนเป็นภาษาไทย

Change to English
 แสดงรายละเอียดบรรณานุกรม
  กลับหน้าหลัก

Brief Record : Get Marc (ISO 2709) : E-mail record : QR code < ปิดหน้าต่าง
LEADER : 00000nam 2200000uu 4500
001    13399120992
003     ULIB
008    121029s2550||||th 000 0 tha d
020    ^a9740317642
020    ^a9789740317647
050  4 ^aHA62^bช685ท 2550
100 1  ^aชูศรี วงศ์รัตนะ
245 10 ^aเทคนิคการใช้สถิติเพื่อการวิจัย /^cชูศรี วงศ์รัตนะ
250    ^aพิมพ์ครั้งที่ 10
260    ^aกรุงเทพฯ :^bคณะศึกษาศาสตร์ มหาวิทยาลัยศรีนครินทรวิโรฒ,^c2550
300    ^a382 หน้า :^bภาพประกอบ ;^c26 ซม.
591    ^aLISC มีปี 2553 (พิมพ์ครั้งที่ 12)
650  4 ^aคณิตศาสตร์สถิติ
650  4 ^aวิจัย
650  4 ^aวิจัย^xระเบียบวิธีทางสถิติ
650  4 ^aสถิติ
710 2  ^aมหาวิทยาลัยศรีนครินทรวิโรฒ. ^bคณะศึกษาศาสตร์
945    ^p220^l0^i14401
995    ^aกัณชพร
999    ^aกัณชพร
รายการนี้ยังไม่มีแท็ก
คุณยังไม่ได้ล็อกอิน คุณสามารถมีกิจกรรมร่วมกับเว็บไซต์ได้ แต่ต้องล็อกอินก่อน ::
  ล็อกอิน

รายการสื่อสารสนเทศ

ลำดับที่ ประเภท เลขเรียก/บาร์โค้ด สถานที่ สถานะ
1. วิทยาศาสตร์การแพทย์ และสุขภาพ
วิทยาศาสตร์การแพทย์ และสุขภาพ
HA62 ช685ท 2550  
  Barcode: 14401
ห้องสมุดวิทยาเขตสวรรค์ประชารักษ์
►หนังสือทั่วไป
บนชั้น

รายการใกล้เคียง
    ผู้แต่ง [ชูศรี วงศ์รัตนะ]

    หัวเรื่อง [คณิตศาสตร์สถิติ]
    หัวเรื่อง [วิจัย]
    หัวเรื่อง [สถิติ]

BibComment


ยังไม่เคยถูกคอมเมนท์

คอมเมนท์ทรัพยากรรายการนี้
  คอมเมนท์: เทคนิคการใช้สถิต..


 Copyright 2026. Bcnsprnw @Library